000 00244nam a2200097Ia 4500
005 20251222114417.0
008 251222s1900||||xx |||||||||||||| ||spa||
082 _aDVD0060/W79/2007
245 0 _aWoody Allen: cinco obras de colección:
942 _cDVD
999 _c2261
_d2261